000 01075naa a22003017a 4500
001 BR9002134
003 BR-BrBNA
005 20240918180631.0
007 ta
008 230509b bl.||||| |||| 00| 0 por d
040 _aBR-BrBNA
_bpor
_cBiblioteca Nacional de Agricultura
041 _a(Pt)
072 _aF03
_b3575
090 _aF03 BR9002134
100 1 _aCamargo, C.P.
100 1 _aVechi, C.
111 1 _a1. Encontro Nacional de Tecnicos em Analises de Sementes
_cPorto Alegre, RS (Brazil)
_d8-12 Nov 1971
245 1 _aPesquisa em tecnologia de sementes
260 3 _aBrasilia, DF (Brasil):
_c1973.
500 _aAnais do 1. Encontro Nacional de Tecnicos em Analises de Sementes Brasilia, DF (Brasil): 1973. p. 151-186 (BR9002134-AM)F03
650 _aSEMENTE
650 _aTECNOLOGIA AGRICOLA
650 _aPESQUISA
650 _aTESTE DE SEMENTES
773 0 _tAnais do 1. Encontro Nacional de Tecnicos em Analises de Sementes
_wF03 BR9002134
_gBrasilia, DF (Brasil), 1973. p. 151-186
909 _a202404
_bLucia
_c55
_dLucia Elande
942 _cAM
_2AGRIS
999 _c321424
_d321424